Every country with the colors Red, White, and Blue - Statistics

General Stats
  • This quiz has been taken 20 times
  • The average score is 12 of 22
Answer Stats
Answer % Correct
United States of America
94%
United Kingdom
82%
Australia
76%
France
76%
Netherlands
71%
New Zealand
65%
Norway
65%
Luxembourg
59%
Russia
59%
Slovakia
59%
Thailand
59%
Cuba
47%
Czechia
47%
Samoa
47%
Chile
41%
Iceland
41%
Laos
41%
Panama
41%
Taiwan
41%
Liberia
35%
Nepal
35%
North Korea
35%
No matching quizzes found
Score Distribution
Percent of People with Each Score
Percentile by Number Answered
Your Score History
You have not taken this quiz